Are nitrogen fertilizers deleterious to soil organic matter and soil health ? (Record no. 54476)

MARC details
000 -LEADER
fixed length control field 00439nam a2200145Ia 4500
100 ## - MAIN ENTRY--AUTHOR NAME
Personal name Singh B
245 #0 - TITLE STATEMENT
Title Are nitrogen fertilizers deleterious to soil organic matter and soil health ?
260 ## - PUBLICATION, DISTRIBUTION, ETC. (IMPRINT)
Name of publisher Journal of the Indian Society of Soil Science
Year of publication 2015
300 ## - PHYSICAL DESCRIPTION
Number of Pages S96-S106
650 ## - SUBJECT ADDED ENTRY--TOPICAL TERM
Topical Term Nitrogen fertilizers
650 ## - SUBJECT ADDED ENTRY--TOPICAL TERM
Topical Term Soil health
650 ## - SUBJECT ADDED ENTRY--TOPICAL TERM
Topical Term Soil organic matter
942 ## - ADDED ENTRY ELEMENTS (KOHA)
Koha item type Journals
Holdings
Withdrawn status Lost status Damaged status Not for loan Home library Current library Shelving location Date acquired Serial Enumeration / chronology Koha item type
      Journals RRII Library RRII Library Agronomy 01/01/2021 Volume 63, Issue Suppl Journals